000 00897cam a2200337 a 4500
001 3331126
003 OSt
005 20140310184422.0
008 850114r19851982enka j 000 1 eng
010 _a 85000566
020 _a0140315977 (pbk.)
040 _aDLC
_cDLC
_dDLC
042 _alcac
050 1 0 _aPZ 7
_b.D1515Bf 1982
100 1 _aDahl, Roald.
_93827
245 1 4 _aThe BFG /
_cRoald Dahl; illustrations by Quentin Blake
260 _aNew York :
_bScholastic Inc.,
_c1982.
300 _a207 p. :
_bill. ;
_c19 cm.
521 _aG5
526 _c720
650 1 _aGiants
_xFiction.
_926776
650 1 _aOrphans
_xFiction.
_926777
700 1 _aBlake, Quentin,
_eill.
_926778
906 _a7
_bcbc
_corignew
_d1
_eocip
_f19
_gy-gencatlg
942 _2lcc
_cBK-SCHOLAS
999 _c34259
_d34259